| 000 | 00680nam a2200205Ii 4500 | ||
|---|---|---|---|
| 003 | JO-AjNU | ||
| 008 | 230606s9999||||xx |||||||||||||| ||und|| | ||
| 020 | _a978-81-259-2799-0 | ||
| 040 |
_aJO-AjNU _beng _erda _cJO-AjNU |
||
| 041 | _aeng | ||
| 050 | 1 | 4 | _aHF5630.M33 2009 |
| 100 | 3 |
_aMaheshwari,S N/Maheshwari,S K, _eauthor _9744 |
|
| 245 | 0 | 0 | _aFundamentals of Accounting for CPT Common Proficiency Test of the Institute of Chartered Accountants of India |
| 250 | _a2 ed | ||
| 264 | 3 | 1 | _aNew Delhi: VIKAS PUBLISHING HOUSE PVT LTD,2009 |
| 336 |
_atext _btxt _2rdacontent |
||
| 337 |
_aunmediated _bn _2rdamedia |
||
| 338 |
_avolume _bnc _2rdacarrier |
||
| 650 | 4 |
_aAccounting _9745 |
|
| 999 |
_aE391 _c391 _d391 |
||